000 00556nam a2200193Ia 4500
005 20250326141424.0
008 250326s9999 xx 000 0 und d
020 _a0-313-27594-7
037 _aTextbook
040 _aFMSL
_beng
_cFMSL
041 _aeng
_2eng
084 _aX9B N1
_qFMSL
100 _aBhalla A S
245 0 _aSmall and medium enterprises : Technology policies and options
_cBhalla A S
260 _aLondon
_bLondon, Intermetiate Technology
_c1991
300 _axi,284
942 _cTB
_hX9B N1
999 _c1290234
_d1290234